000 00877nmc a2200301 a 4500
003 AR-BaBNM
005 20251128204253.0
008 247119s1968 ||||||||||||||000 | spa||
040 _cAR-BaBNM
100 1 _aAnderson Imbert, Enrique
245 1 0 _aAnálisis de "Fausto"
260 _aBuenos Aires
_bCentro Editor de América Latina
_c1968
300 0 _a51 p.
490 0 _aEnciclopedia literaria. España e Hispanoamérica
_vv. 35
500 0 _aContiene referencias bibliográficas en p. 49
600 1 4 _aCampo, Estanislao Del
_d1834-1880
650 4 _aLITERATURA ARGENTINA
650 4 _aCRITICA LITERARIA
650 4 _aCOSTUMBRES Y TRADICIONES
650 4 _aSIGLO DIECINUEVE
650 4 _aESCRITORES
650 4 _aLITERATURA POPULAR
653 0 _aLITERATURA GAUCHESCA
653 0 _aCOSTUMBRISMO
655 _aLITERATURA
942 _cBK
998 _cMARTIN
999 _c6793
_d6793